<?xml version="1.0" encoding="UTF-8"?>
<marc:record xmlns:marc="http://www.loc.gov/MARC21/slim">
   <marc:leader>00000nam a2200000 a 4500</marc:leader>
   <marc:datafield ind1="1" ind2=" " tag="100">
      <marc:subfield code="a">Henckel, Hella</marc:subfield>
      <marc:subfield code="4">ctb</marc:subfield>
      <marc:subfield code="e">Mitwirkende/-r</marc:subfield>
   </marc:datafield>
   <marc:datafield ind1=" " ind2=" " tag="653">
      <marc:subfield code="a">Häusliche Arbeiten</marc:subfield>
   </marc:datafield>
   <marc:datafield ind1=" " ind2=" " tag="653">
      <marc:subfield code="a">Softcover / Ratgeber/Hobby</marc:subfield>
   </marc:datafield>
   <marc:datafield ind1=" " ind2=" " tag="653">
      <marc:subfield code="a">Haus/Kreatives Gestalten</marc:subfield>
   </marc:datafield>
   <marc:datafield ind1="0" ind2="0" tag="245">
      <marc:subfield code="a">Die schönsten Dekoideen und die besten Techniken</marc:subfield>
   </marc:datafield>
   <marc:datafield ind1="0" ind2="0" tag="245">
      <marc:subfield code="c">Hella Henckel. [Fotos Patrick Pantze Images GmbH, Lage ...</marc:subfield>
   </marc:datafield>
   <marc:datafield ind1=" " ind2="1" tag="264">
      <marc:subfield code="a">Stuttgart/Hohenheim</marc:subfield>
      <marc:subfield code="b">Ulmer</marc:subfield>
      <marc:subfield code="c">2013</marc:subfield>
   </marc:datafield>
   <marc:datafield ind1="1" ind2=" " tag="490">
      <marc:subfield code="a">Bloom's by Ulmer</marc:subfield>
   </marc:datafield>
   <marc:datafield ind1=" " ind2=" " tag="250">
      <marc:subfield code="a">1. Aufl.</marc:subfield>
   </marc:datafield>
   <marc:datafield ind1="1" ind2=" " tag="520">
      <marc:subfield code="a">Angaben aus der Verlagsmeldung

Die schönsten Dekoideen, die besten Techniken / von Hella Henckel

Alles eine Frage der Technik
- Die besten Techniken für unbegrenzte Variationsmöglichkeiten
- Level für Einsteiger, Fortgeschrittene und Erfahrene
- Inspirierende Deko-News aus der Bloom´s-Trendschmiede
Begeisternde Frühlings- und Osterdekorationen, sommerliche Schmuck für Tafel, Haus und Terrasse, originelle Geschenkideen oder stimmungsvolle Ideen für Advent und Weihnachten. Die gezeigten Kreativideen sind einfach und ohne großen Aufwand nachzuarbeiten. Dieses Buch macht Lust am kreativen Tun und fördert den Spaß am Selbermachen. Und jeder findet für sich die passenden Anregungen. Ob Einsteiger, Fortgeschrittene oder erfahrene Bastlerin, genaue Angaben zu allem, was man benötigt, sowie Erläuterungen zur Herstellung und den damit verbundenen Techniken mit entsprechenden Abbildungen machen schnell aus Anfängern versierte und begeisterte Hobbyfloristen.
</marc:subfield>
   </marc:datafield>
   <marc:datafield ind1=" " ind2=" " tag="020">
      <marc:subfield code="a">9783800178742</marc:subfield>
      <marc:subfield code="9">9783800178742</marc:subfield>
   </marc:datafield>
   <marc:datafield ind1=" " ind2=" " tag="020">
      <marc:subfield code="a">3800178745</marc:subfield>
      <marc:subfield code="9">3800178745</marc:subfield>
   </marc:datafield>
   <marc:datafield ind1=" " ind2=" " tag="041">
      <marc:subfield code="a">ger</marc:subfield>
   </marc:datafield>
   <marc:datafield ind1=" " ind2=" " tag="300">
      <marc:subfield code="a">127 S.</marc:subfield>
   </marc:datafield>
</marc:record>
